[Event "ROM-ch U14"]
[Site "Calimanesti Caciulata"]
[Date "2019.04.22"]
[Round "9"]
[White "Oprea, Cosmin Catalin"]
[Black "Vasile, Bogdan Mihai"]
[Result "0-1"]
[WhiteElo "1184"]
[BlackElo "1322"]
[PlyCount "66"]
[EventDate "2019.04.15"]
[EventType "swiss"]
[EventRounds "9"]
[EventCountry "ROU"]
[SourceTitle "EXT 2020"]
[Source "ChessBase"]
[SourceDate "2019.10.17"]
[SourceVersion "1"]
[SourceVersionDate "2019.10.17"]
[SourceQuality "1"]

1. e4 e6 2. d4 d5 3. exd5 exd5 4. c4 c6 5. Nc3 Nf6 6. Bg5 Be7 7. Nf3 0-0 8. cxd5 cxd5 9. Be2 Re8 10. 0-0 Ne4 11. Bxe7 Rxe7 12. Re1 Re6 13. Qc2 Nc6 14. a3 f5 15. Nxd5 Rh6 16. Ne3 g5 17. Qc4+ Kg7 18. d5 Na5 19. Qd4+ Kg8 20. Qd3 g4 21. Nd4 Qh4 22. Nf1 Qxf2+ 23. Kh1 Qxe1 24. Rxe1 Nf2+ 25. Kg1 Nxd3 26. Bxd3 Bd7 27. b4 Rd6 28. Bxf5 Nc4 29. Bxd7 Rxd7 30. Nf5 Nxa3 31. N1g3 Rf8 32. Re6 Rxd5 33. Rh6 Kh8 0-1

[Event "ROM-ch U14"]
[Site "Calimanesti Caciulata"]
[Date "2019.04.15"]
[Round "1"]
[White "Oprea, Cosmin Catalin"]
[Black "Ferentiu, Raul Florin"]
[Result "1-0"]
[WhiteElo "1184"]
[BlackElo "1681"]
[PlyCount "59"]
[EventDate "2019.04.15"]
[EventType "swiss"]
[EventRounds "9"]
[EventCountry "ROU"]
[SourceTitle "CBM 190 Extra"]
[Source "ChessBase"]
[SourceDate "2019.07.15"]
[SourceVersion "1"]
[SourceVersionDate "2019.07.15"]
[SourceQuality "1"]

1. e4 c5 2. Nf3 a6 3. d4 cxd4 4. Nxd4 e6 5. Nc3 b5 6. a3 Bb7 7. Bd3 d6 8. 0-0 Nf6 9. Bg5 Be7 10. Re1 Nc6 11. Nxc6 Bxc6 12. e5 dxe5 13. Rxe5 0-0 14. Bxf6 Bxf6 15. Re3 Qc7 16. Bxh7+ Kh8 17. Qh5 Qf4 18. Be4+ Qh6 19. Qxh6+ gxh6 20. Bxc6 Rad8 21. g3 Bd4 22. Rd3 e5 23. Rad1 Rd6 24. Bg2 Rb6 25. Nd5 Rbb8 26. Nf6 Rfc8 27. c3 Rb6 28. Nd7 Rd6 29. cxd4 Rxd7 30. Bh3 1-0

[Event "ROM-ch U10"]
[Site "Calimanesti Caciulata"]
[Date "2016.04.21"]
[Round "4"]
[White "Oprea, Cosmin Catalin"]
[Black "Antohi, Rares Nicusor"]
[Result "1/2-1/2"]
[WhiteElo "1174"]
[BlackElo "1359"]
[PlyCount "98"]
[EventDate "2016.04.18"]
[EventType "swiss"]
[EventRounds "9"]
[EventCountry "ROU"]
[SourceTitle "CBM 172 Extra"]
[Source "ChessBase"]
[SourceDate "2016.06.21"]
[SourceVersion "1"]
[SourceVersionDate "2016.06.21"]
[SourceQuality "1"]

1. e4 c5 2. Nf3 Nc6 3. d4 cxd4 4. Nxd4 Nf6 5. Nc3 d6 6. f3 g6 7. Be3 Bg7 8. Qd2 0-0 9. 0-0-0 Bd7 10. h4 Qc7 11. g4 Rfc8 12. Bb5 a6 13. Be2 b5 14. h5 Ne5 15. Bh6 Bh8 16. Bf4 Nc4 17. Bxc4 Qxc4 18. Qd3 Qxd3 19. Rxd3 e5 20. g5 exd4 21. gxf6 dxc3 22. Rxc3 Rxc3 23. bxc3 Bxf6 24. Bxd6 Bxc3 25. hxg6 hxg6 26. Rh2 Kg7 27. e5 Rh8 28. Rxh8 Kxh8 29. f4 Kg7 30. Kd1 f6 31. exf6+ Kxf6 32. Ke2 Ke6 33. Bc7 Kf5 34. Ke3 Bc6 35. Kd3 Bg7 36. c4 bxc4+ 37. Kxc4 Bh6 38. Kc5 Bb5 39. Kb6 Bxf4 40. Bd8 Bg5 41. Bc7 Be3+ 42. Kb7 g5 43. a4 Bxa4 44. Kxa6 g4 45. Bh2 Ke4 46. Ka5 Bd7 47. Kb4 Kf3 48. Kc3 g3 49. Bxg3 Kxg3 1/2-1/2

[Event "ROM-ch U10"]
[Site "Calimanesti Caciulata"]
[Date "2016.04.18"]
[Round "1"]
[White "Soare, Andrei"]
[Black "Oprea, Cosmin Catalin"]
[Result "0-1"]
[WhiteElo "1001"]
[BlackElo "1174"]
[PlyCount "75"]
[EventDate "2016.04.18"]
[EventType "swiss"]
[EventRounds "9"]
[EventCountry "ROU"]
[SourceTitle "CBM 172 Extra"]
[Source "ChessBase"]
[SourceDate "2016.06.21"]
[SourceVersion "1"]
[SourceVersionDate "2016.06.21"]
[SourceQuality "1"]

1. e4 c5 2. Nf3 d6 3. Nc3 Nf6 4. Bc4 g6 5. d3 Bg7 6. 0-0 0-0 7. h3 Nc6 8. Nd5 Nxd5 9. exd5 Na5 10. Rb1 Nxc4 11. dxc4 e5 12. Qe2 Bf5 13. Bg5 Qd7 14. b4 cxb4 15. Rxb4 b6 16. Rb5 Qc7 17. Nh4 Bd7 18. Rb2 e4 19. Rb4 a5 20. Rbb1 f5 21. Qe3 Qxc4 22. Rxb6 Qxd5 23. Bh6 Bd4 24. Qf4 Bxb6 25. Bxf8 Rxf8 26. Qh6 Qf7 27. Rd1 Bc5 28. Rf1 Qg7 29. Qxg7+ Kxg7 30. Rd1 g5 31. Nxf5+ Rxf5 32. g4 Be6 33. Re1 Rf7 34. Rb1 Bxa2 35. Ra1 Rxf2 36. Rxa2 Rxc2+ 37. Kf1 Rxa2 38. Ke1 0-1

[Event "ROM-ch U08"]
[Site "Calimanesti"]
[Date "2014.04.07"]
[Round "2"]
[White "Huiduc, Damian Philip"]
[Black "Oprea, Cosmin Catalin"]
[Result "0-1"]
[WhiteElo "1001"]
[BlackElo "1050"]
[PlyCount "42"]
[EventDate "2014.04.06"]
[EventType "swiss"]
[EventRounds "9"]
[EventCountry "ROU"]
[SourceTitle "CBM 160 Extra"]
[Source "ChessBase"]
[SourceDate "2014.07.01"]
[SourceVersion "1"]
[SourceVersionDate "2014.07.01"]
[SourceQuality "1"]

1. e4 c5 2. d3 d6 3. Nf3 Nf6 4. Be2 g6 5. Bg5 Bg7 6. 0-0 0-0 7. Nc3 Nc6 8. a3 Bg4 9. h3 Bxf3 10. Bxf3 Qc7 11. Bf4 Nd4 12. Nb5 Nxb5 13. a4 Nd4 14. Ra3 Nxf3+ 15. gxf3 Qd7 16. b4 cxb4 17. Rb3 Qxa4 18. Qa1 Qxa1 19. Rxa1 a5 20. c4 bxc3 21. Rxc3 b6 0-1

[Event "ROM-ch U08"]
[Site "Calimanesti"]
[Date "2014.04.06"]
[Round "1"]
[White "Oprea, Cosmin Catalin"]
[Black "Tampea, Radu"]
[Result "0-1"]
[WhiteElo "1050"]
[BlackElo "1601"]
[PlyCount "108"]
[EventDate "2014.04.06"]
[EventType "swiss"]
[EventRounds "9"]
[EventCountry "ROU"]
[SourceTitle "CBM 160 Extra"]
[Source "ChessBase"]
[SourceDate "2014.07.01"]
[SourceVersion "1"]
[SourceVersionDate "2014.07.01"]
[SourceQuality "1"]

1. e4 c5 2. Nf3 e6 3. d4 cxd4 4. Nxd4 Nf6 5. Nc3 Bb4 6. Bd3 Nc6 7. Nxc6 dxc6 8. 0-0 e5 9. Bg5 0-0 10. a3 Bc5 11. Qf3 Bg4 12. Qxg4 Nxg4 13. Bxd8 Rfxd8 14. Be2 Nf6 15. h3 Rd4 16. Rad1 Rad8 17. Rxd4 Bxd4 18. Rd1 Kf8 19. Bc4 Ke7 20. a4 a6 21. Kf1 b5 22. axb5 axb5 23. Bb3 Bxc3 24. Rxd8 Kxd8 25. bxc3 Nxe4 26. Bxf7 Nxc3 27. Ke1 Ke7 28. Kd2 Nb1+ 29. Kc1 Kxf7 30. Kxb1 Ke6 31. Kb2 Kd5 32. Kc3 c5 33. Kd3 c4+ 34. Kc3 Kc5 35. g3 b4+ 36. Kd2 Kd4 37. f4 exf4 38. gxf4 Ke4 39. c3 b3 40. Kc1 Kxf4 41. h4 g5 42. hxg5 Kxg5 43. Kb2 h5 44. Ka3 h4 45. Kb2 h3 46. Ka3 h2 47. Kb2 h1Q 48. Ka3 Qa1+ 49. Kb4 b2 50. Kxc4 b1Q 51. Kd4 Qb4+ 52. Kd3 Qd1+ 53. Ke3 Qxc3+ 54. Ke4 Qdd4# 0-1